Soy el robot /
Guardado en:
| Autor Principal: | |
|---|---|
| Otros Autores: | |
| Formato: | Libro |
| Publicado: |
Córdoba [argentina] :
de la Magnolia,
2014
|
| Series: | Niños
|
| Materias: | |
| Etiquetas: |
Agregar Etiqueta
Sin Etiquetas, Sea el primero en etiquetar este registro!
|
| LEADER | 00744nam a22002415a 4500 | ||
|---|---|---|---|
| 001 | CEM.cems015308 | ||
| 005 | 20191111154005.0 | ||
| 008 | 130507s2014##################000#0#####d | ||
| 003 | CEMS | ||
| 020 | |a 9789871823161 | ||
| 082 | 0 | 4 | |a A868.4 |
| 100 | 1 | |a Fernández, Bernardo | |
| 245 | 1 | 0 | |a Soy el robot / |c Bernardo Fernández ; ilustrado Por Patricio Betteo |
| 260 | |a Córdoba [argentina] : |b de la Magnolia, |c 2014 | ||
| 300 | |a 48 p. | ||
| 490 | 0 | |a Niños | |
| 653 | |a Literatura | ||
| 653 | |a Literatura argentina | ||
| 653 | |a Literatura infantil | ||
| 653 | |a Cuentos infantiles | ||
| 653 | |a Colección ciencias de la educación | ||
| 700 | 1 | |a Betteo, Patricio; il. | |
| 859 | |a CEMS |b BIB. CEMS - Ccias. Educacion |h A868.4 |i F391 |k CE |p 28526.19 |t Ej.1 | ||
